[Event "11th LCC FIDE Open 2019"]
[Site "London"]
[Date "2019.11.30"]
[Round "3.27"]
[White "Wu, Li"]
[Black "Walker, Samuel A"]
[Result "1-0"]
[WhiteElo "2293"]
[BlackElo "2039"]
[Annotator "TA"]
[PlyCount "115"]
[EventDate "2019.11.29"]
[EventType "swiss"]
[EventCountry "ENG"]
[SourceTitle "playchess.com"]
[Source "ChessBase"]
[SourceQuality "1"]

{[%evp 21,115,62,77,55,59,9,24,34,43,20,35,26,38,35,62,52,59,46,64,80,80,66,65,73,75,72,74,86,79,62,87,60,81,80,79,60,92,61,62,29,31,12,80,33,47,51,77,47,49,0,0,-6,0,-12,49,14,17,0,91,91,91,0,31,0,91,99,238,219,420,427,645,648,640,637,663,633,683,673,691,731,722,699,716,716,706,695,674,643,773,758,762,747,1987,1641,29990,29991]} 1. d4 Nf6 2. c4 c5 3. d5 b5 4. cxb5 a6 5. bxa6 g6 6. Nc3 Bxa6 7. e4 Bxf1 8. Kxf1 d6 9. g3 Bg7 10. Kg2 O-O 11. Nf3 Qa5 12. Qe2 {A59: Benko/Volga Gambit: White castles by hand} Nbd7 13. Bd2 Rfb8 14. Rhb1 {White has an edge.} (14. Rab1 Ng4 15. Ng5 Ngf6 16. f4 Ne8 17. h4 Qa6 18. Qf3 h6 19. Nh3 Nef6 20. Rhe1 {1-0 (51) Eljanov,P (2723)-Iturrizaga Bonelli,E (2653) Dubai 2014}) 14... Ne8 15. Nd1 {[%cal Bc3d1,Bd1e3,Be3c4][%mdl 32]} Qa6 $146 ({Predecessor:} 15... Qa4 16. Bc3 Nef6 17. Nd2 Nb6 18. b3 Qa7 19. a4 Qb7 20. f3 {1-0 (63) Tarini,G (2071)-Hend,P (1732) Mumbai 2018}) 16. Qxa6 Rxa6 17. Bc3 Ndf6 18. Nd2 $1 Rba8 19. a3 Nc7 20. Ne3 Nb5 21. Nec4 Nd7 22. Bxg7 Kxg7 23. Rc1 Nd4 24. Rc3 Rb8 25. f3 Ra4 26. Kf2 f6 27. b3 Ra7 28. a4 Rb4 29. Ne3 f5 30. exf5 (30. Nec4 {is interesting.} Nf6 31. a5 Rb8 32. Rd3 Nc2 33. Ra4) 30... gxf5 31. Rc4 Rxc4 (31... Kf6 $11) 32. Nexc4 (32. bxc4 {seems wilder.} Ra5 33. Nb1 Ne5 34. f4 Nd3+ 35. Kf1) 32... Nf6 33. Ne3 Kg6 34. a5 Nd7 35. Ra4 Ne5 36. Nec4 {Nxe5+ is the strong threat.} Nd3+ 37. Ke3 Ne1 ({Better is} 37... Nb4 $11) 38. Nb6 Kf6 39. a6 Nb5 (39... Nec2+ $1 $11 {remains equal.} 40. Kd3 Rxa6 41. Nd7+ (41. Rxa6 Nb4+ {[%mdl 64] Double Attack} 42. Kc4 Nxa6 $11) 41... Kf7) 40. Nc8 $1 $36 {[%cal Rc8a7][%mdl 2048] White is in control.} Ra8 41. Nb6 (41. a7 $1 $16) 41... Ra7 $14 42. Nc8 (42. Ra2 $14 Nd4 43. Nc8) 42... Ra8 $1 $16 {[%cal Ra8c8]} 43. a7 $1 {Hoping for Ra5.} Nc2+ {[#]} (43... Rxc8 $16 44. a8=Q Rxa8 45. Rxa8 Nc2+ 46. Kf2 Nb4) 44. Kd3 $1 $18 {[%cal Rd3c2]} Nb4+ $2 (44... Rxc8 {keeps fighting.} 45. Kxc2 Ra8) 45. Kc4 Nxd5 (45... Nc7 $142) 46. Kxb5 Rxc8 {[%mdl 4096] Endgame KRN-KRN} 47. Ka6 Rc6+ {[#]} 48. Kb7 $1 {[%cal Rb7c6]} Rb6+ 49. Kc8 Rc6+ 50. Kd7 Rc7+ 51. Kd8 Ke6 {If Black can now play ...Rd7+ this consolidates a bit.} 52. Nc4 Rd7+ 53. Kc8 Rc7+ 54. Kb8 Kd7 55. a8=Q Rc8+ 56. Kb7 {[%csl Gb7][%cal Ra8c8]} Rc7+ 57. Ka6 Nb4+ 58. Kb5 {Accuracy: White = 51%, Black = 45%.} 1-0

[Event "11th LCC FIDE Open 2019"]
[Site "London"]
[Date "2019.11.30"]
[Round "3.28"]
[White "Stoyanov, Viktor"]
[Black "Nilssen, Ellen Fredericia"]
[Result "1/2-1/2"]
[WhiteElo "2272"]
[BlackElo "2004"]
[Annotator "RC"]
[PlyCount "122"]
[EventDate "2019.11.29"]
[EventType "swiss"]
[EventCountry "ENG"]
[SourceTitle "playchess.com"]
[Source "ChessBase"]
[SourceQuality "1"]
[TimeControl "40/5400+30:1800+30"]

1. c4 {[%emt 0:05:20]} Nf6 {[%emt 0:01:37]} 2. Nf3 {[%emt 0:00:14]} g6 {[%emt 0:00:07]} 3. Nc3 {[%emt 0:00:11]} d5 {[%emt 0:00:06]} 4. cxd5 {[%emt 0:00:07]} Nxd5 {[%emt 0:00:06]} 5. d3 {[%emt 0:00:05]} Bg7 {[%emt 0:02:17]} 6. Bd2 {[%emt 0:00:10]} O-O {[%emt 0:09:41]} 7. g3 {[%emt 0:01:37]} Nc6 {[%emt 0:04:22]} 8. Bg2 {[%emt 0:02:42]} Nb6 {[%emt 0:00:30]} 9. O-O {[%emt 0:03:03]} a5 {[%emt 0:03:19]} 10. Ne1 {[%emt 0:14:01]} Bd7 {[%emt 0:03:46]} 11. Nc2 {[%emt 0:01:56]} Qc8 {[%emt 0:04:20]} 12. Re1 {[%emt 0:00:53]} Nd4 {[%emt 0:08:11]} 13. Nxd4 {[%emt 0:10:19]} Bxd4 {[%emt 0:00:07]} 14. Qc2 {[%emt 0:02:55]} c6 {[%emt 0:07:34]} 15. Rab1 {[%emt 0:06:00]} Bh3 {[%emt 0:00:46]} 16. Bh1 {[%emt 0:02:26]} h5 {[%emt 0:06:11]} 17. Ne4 {[%emt 0:01:12]} h4 {[%emt 0:06:46]} 18. e3 {[%emt 0:01:35]} Bg7 {[%emt 0:04:30]} 19. Bc3 {[%emt 0:03:08]} hxg3 {[%emt 0:02:56]} 20. hxg3 {[%emt 0:00:15]} Nd5 {[%emt 0:00:14]} 21. Bd2 {[%emt 0:05:46]} Be5 {[%emt 0:04:40]} 22. d4 {[%emt 0:02:19]} Bc7 {[%emt 0:00:57]} 23. Ng5 {[%emt 0:01:56]} Nf6 {[%emt 0:07:56]} 24. Rbc1 {[%emt 0:03:30]} Kg7 {[%emt 0:04:00]} 25. e4 {[%emt 0:02:05]} Bb6 {[%emt 0:02:37]} 26. Qd3 {[%emt 0:04:33]} Qd7 {[%emt 0:02:02]} 27. Be3 {[%emt 0:06:12]} Ng4 {[%emt 0:04:21]} 28. Nxh3 {[%emt 0:05:01]} Nxe3 {[%emt 0:00:05]} 29. Qxe3 {[%emt 0:01:47]} Qxh3 {[%emt 0:00:02]} 30. Qc3 {[%emt 0:00:36]} Kg8 {[%emt 0:02:37]} 31. Red1 {[%emt 0:01:41]} Rfd8 {[%emt 0:01:02]} 32. Rd3 {[%emt 0:00:38]} Rd7 {[%emt 0:01:04]} 33. Bg2 {[%emt 0:00:42]} Qe6 {[%emt 0:00:21]} 34. Re1 {[%emt 0:00:56]} Qxa2 {[%emt 0:00:16]} 35. d5 {[%emt 0:02:34]} cxd5 {[%emt 0:02:34]} 36. exd5 {[%emt 0:00:10]} Qa4 {[%emt 0:00:35]} 37. Re4 {[%emt 0:00:57]} Qa1+ {[%emt 0:01:07]} 38. Re1 {[%emt 0:01:51]} Qa4 {[%emt 0:00:02]} 39. Qe5 {[%emt 0:05:25]} Bc7 {[%emt 0:01:44]} 40. Qe3 {[%emt 0:00:38]} Bd6 {[%emt 0:03:03]} 41. Rc1 {[%emt 0:30:47]} Qg4 {[%emt 0:08:11]} 42. Rd4 {[%emt 0:00:00]} Qf5 {[%emt 0:00:25]} 43. Rdc4 {[%emt 0:00:00]} Rdd8 {[%emt 0:01:39]} 44. Qb6 {[%emt 0:00:00]} Qd7 {[%emt 0:05:13]} 45. Kh2 {[%emt 0:00:00]} Qf5 {[%emt 0:01:53]} 46. Kg1 {[%emt 0:00:00]} Qd7 {[%emt 0:00:05]} 47. R1c3 {[%emt 0:00:00]} Rdc8 {[%emt 0:01:57]} 48. Rxc8+ {[%emt 0:00:00]} Rxc8 {[%emt 0:00:01]} 49. Qxa5 {[%emt 0:00:00]} Rxc3 {[%emt 0:00:06]} 50. bxc3 {[%emt 0:00:00]} Qc7 {[%emt 0:00:16]} 51. Qxc7 {[%emt 0:00:00]} Bxc7 {[%emt 0:00:05]} 52. d6 {[%emt 0:00:00]} exd6 {[%emt 0:00:06]} 53. Bxb7 {[%emt 0:00:00]} g5 {[%emt 0:00:52]} 54. Kg2 {[%emt 0:00:00]} Bb6 {[%emt 0:00:08]} 55. Kf3 {[%emt 0:00:00]} Kg7 {[%emt 0:00:13]} 56. g4 {[%emt 0:00:00]} Bc5 {[%emt 0:00:39]} 57. Ke2 {[%emt 0:00:00]} Bb6 {[%emt 0:00:51]} 58. f3 {[%emt 0:00:00]} f6 {[%emt 0:00:03]} 59. Kd3 {[%emt 0:00:00]} Kf7 {[%emt 0:00:35]} 60. Ke4 {[%emt 0:00:00]} Ke7 {[%emt 0:00:07]} 61. Kd5 {[%emt 0:00:00]} Bg1 {[%emt 0:00:06]} 1/2-1/2

[Event "11th LCC FIDE Open 2019"]
[Site "London"]
[Date "2019.11.30"]
[Round "3.29"]
[White "Wilks, Simon"]
[Black "McClement, Andrew"]
[Result "1/2-1/2"]
[WhiteElo "2071"]
[BlackElo "2226"]
[Annotator "RC"]
[PlyCount "95"]
[EventDate "2019.11.29"]
[EventType "swiss"]
[EventCountry "ENG"]
[SourceTitle "playchess.com"]
[Source "ChessBase"]
[SourceQuality "1"]
[TimeControl "40/5400+30:1800+30"]

1. e4 {[%emt 0:03:57]} c5 {[%emt 0:00:00]} 2. Nf3 {[%emt 0:00:07]} d6 {[%emt 0:00:00]} 3. Bb5+ {[%emt 0:00:14]} Bd7 {[%emt 0:00:00]} 4. Bxd7+ {[%emt 0:00:05]} Qxd7 {[%emt 0:00:00]} 5. c4 {[%emt 0:00:44]} Nf6 {[%emt 0:01:32]} 6. Nc3 {[%emt 0:00:32]} g6 {[%emt 0:00:06]} 7. d4 {[%emt 0:00:14]} cxd4 {[%emt 0:00:07]} 8. Nxd4 {[%emt 0:00:08]} Bg7 {[%emt 0:00:05]} 9. f3 {[%emt 0:00:22]} O-O {[%emt 0:00:10]} 10. Be3 {[%emt 0:01:22]} Rc8 {[%emt 0:02:09]} 11. b3 {[%emt 0:04:20]} a6 {[%emt 0:05:52]} 12. Rc1 {[%emt 0:07:34]} Nc6 {[%emt 0:01:05]} 13. Nxc6 {[%emt 0:02:00]} Rxc6 {[%emt 0:01:33]} 14. a4 {[%emt 0:06:01]} Qd8 {[%emt 0:01:51]} 15. Qd2 {[%emt 0:04:10]} Nd7 {[%emt 0:02:26]} 16. O-O {[%emt 0:07:27]} Nc5 {[%emt 0:01:58]} 17. Rb1 {[%emt 0:05:08]} Ne6 {[%emt 0:02:14]} 18. Nd5 {[%emt 0:03:14]} Rb8 {[%emt 0:05:08]} 19. a5 {[%emt 0:02:31]} Nc5 {[%emt 0:04:14]} 20. Rfc1 {[%emt 0:11:00]} e6 {[%emt 0:06:08]} 21. Nb6 {[%emt 0:01:29]} Nd7 {[%emt 0:00:37]} 22. Na4 {[%emt 0:02:30]} Qe7 {[%emt 0:08:14]} 23. Rd1 {[%emt 0:03:15]} Rbc8 {[%emt 0:03:44]} 24. Nb6 {[%emt 0:08:31]} Nxb6 {[%emt 0:00:50]} 25. Bxb6 {[%emt 0:00:14]} Qf6 {[%emt 0:04:08]} 26. Qe3 {[%emt 0:07:35]} Qe5 {[%emt 0:02:43]} 27. Rd3 {[%emt 0:01:54]} Bf8 {[%emt 0:07:06]} 28. Rbd1 {[%emt 0:02:38]} Qh5 {[%emt 0:04:33]} 29. Qd2 {[%emt 0:02:40]} Qh4 {[%emt 0:14:36]} 30. g3 {[%emt 0:03:20]} Qh3 {[%emt 0:02:21]} 31. Qe2 {[%emt 0:01:17]} Qh5 {[%emt 0:11:34]} 32. R1d2 {[%emt 0:02:11]} Qe5 {[%emt 0:01:06]} 33. f4 {[%emt 0:00:35]} Qa1+ {[%emt 0:00:40]} 34. Rd1 {[%emt 0:00:26]} Qa3 {[%emt 0:00:12]} 35. Qf3 {[%emt 0:02:39]} Qb2 {[%emt 0:01:50]} 36. f5 {[%emt 0:01:26]} exf5 {[%emt 0:00:57]} 37. exf5 {[%emt 0:00:11]} Re8 {[%emt 0:00:13]} 38. fxg6 {[%emt 0:00:44]} hxg6 {[%emt 0:00:02]} 39. Rf1 {[%emt 0:00:16]} Re7 {[%emt 0:02:25]} 40. Bd4 {[%emt 0:00:20]} Qe2 {[%emt 0:01:19]} 41. Qf6 {[%emt 0:31:16]} Qh5 {[%emt 0:30:08]} 42. Qf4 {[%emt 0:00:00]} Bh6 {[%emt 0:00:00]} 43. Qf6 {[%emt 0:00:00]} Bf8 {[%emt 0:00:00]} 44. Qf4 {[%emt 0:00:00]} Bh6 {[%emt 0:00:00]} 45. Qf6 {[%emt 0:02:49]} Bf8 {[%emt 0:00:00]} 46. Qf4 {[%emt 0:02:14]} Bh6 {[%emt 0:00:03]} 47. Qf6 Bf8 {[%emt 0:00:01]} 48. Rdf3 1/2-1/2

[Event "11th LCC FIDE Open 2019"]
[Site "London"]
[Date "2019.11.30"]
[Round "3.30"]
[White "Akots, Gabor"]
[Black "Ifalore, Michael"]
[Result "1/2-1/2"]
[WhiteElo "2221"]
[BlackElo "1989"]
[Annotator "RC"]
[PlyCount "48"]
[EventDate "2019.11.29"]
[EventType "swiss"]
[EventCountry "ENG"]
[SourceTitle "playchess.com"]
[Source "ChessBase"]
[SourceQuality "1"]
[TimeControl "40/5400+30:1800+30"]

1. e4 {[%emt 0:00:00]} e5 {[%emt 0:00:00]} 2. Nf3 {[%emt 0:00:00]} Nc6 {[%emt 0:00:00]} 3. Bb5 {[%emt 0:00:00]} a6 {[%emt 0:00:00]} 4. Ba4 {[%emt 0:00:00]} Nf6 {[%emt 0:00:00]} 5. Nc3 {[%emt 0:00:00]} d6 {[%emt 0:01:35]} 6. Bxc6+ {[%emt 0:04:04]} bxc6 {[%emt 0:00:05]} 7. d4 {[%emt 0:00:05]} exd4 {[%emt 0:03:28]} 8. Nxd4 {[%emt 0:00:17]} Bd7 {[%emt 0:00:17]} 9. Qf3 {[%emt 0:00:33]} Qe7 {[%emt 0:08:59]} 10. Bg5 {[%emt 0:24:24]} Qe5 {[%emt 0:04:21]} 11. Bxf6 {[%emt 0:01:06]} Qxf6 {[%emt 0:00:50]} 12. Qxf6 {[%emt 0:00:13]} gxf6 {[%emt 0:00:03]} 13. O-O {[%emt 0:01:31]} O-O-O {[%emt 0:01:38]} 14. Rad1 {[%emt 0:09:51]} Rg8 {[%emt 0:06:36]} 15. f4 {[%emt 0:16:05]} Re8 {[%emt 0:03:47]} 16. f5 {[%emt 0:15:32]} Bh6 {[%emt 0:02:51]} 17. Rf3 {[%emt 0:00:52]} c5 {[%emt 0:02:33]} 18. Nde2 {[%emt 0:00:08]} Bc6 {[%emt 0:00:08]} 19. Ng3 {[%emt 0:00:22]} Rg4 {[%emt 0:00:25]} 20. h3 {[%emt 0:10:22]} Rh4 {[%emt 0:02:10]} 21. Rdf1 {[%emt 0:03:14]} Bd2 {[%emt 0:04:14]} 22. Nb1 {[%emt 0:00:02]} Bg5 {[%emt 0:03:44]} 23. Nc3 {[%emt 0:00:22]} Bd2 {[%emt 0:00:07]} 24. Nb1 {[%emt 0:00:10]} Bg5 {[%emt 0:00:04]} 1/2-1/2

[Event "11th LCC FIDE Open 2019"]
[Site "London"]
[Date "2019.11.30"]
[Round "3.31"]
[White "Dong, Bao Nghia"]
[Black "Modi, Kishan Jagdish"]
[Result "1-0"]
[WhiteElo "2217"]
[BlackElo "1978"]
[Annotator "RC"]
[PlyCount "121"]
[EventDate "2019.11.29"]
[EventType "swiss"]
[EventCountry "ENG"]
[SourceTitle "playchess.com"]
[Source "ChessBase"]
[SourceQuality "1"]
[TimeControl "40/5400+30:1800+30"]

1. d4 {[%emt 1:42:07]} d5 {[%emt 0:00:08]} 2. c4 {[%emt 0:00:05]} dxc4 {[%emt 0:00:04]} 3. Nc3 {[%emt 0:00:06]} a6 {[%emt 0:00:06]} 4. a4 {[%emt 0:00:04]} Nc6 {[%emt 0:00:05]} 5. e3 {[%emt 0:00:05]} Na5 {[%emt 0:00:33]} 6. Nf3 {[%emt 0:00:11]} Nf6 {[%emt 0:02:09]} 7. Ne5 {[%emt 0:02:35]} e6 {[%emt 0:00:32]} 8. Nxc4 {[%emt 0:00:08]} Nxc4 {[%emt 0:00:09]} 9. Bxc4 {[%emt 0:00:04]} c5 {[%emt 0:01:09]} 10. O-O {[%emt 0:00:43]} Be7 {[%emt 0:00:39]} 11. d5 {[%emt 0:00:21]} exd5 {[%emt 0:00:46]} 12. Nxd5 {[%emt 0:00:04]} Nxd5 {[%emt 0:00:34]} 13. Bxd5 {[%emt 0:00:07]} O-O {[%emt 0:02:36]} 14. Ra3 {[%emt 0:00:40]} Qc7 {[%emt 0:03:39]} 15. Rd3 {[%emt 0:01:03]} Rb8 {[%emt 0:05:59]} 16. e4 {[%emt 0:00:37]} b5 {[%emt 0:05:31]} 17. Qh5 {[%emt 0:01:00]} Bf6 {[%emt 0:03:51]} 18. f4 {[%emt 0:10:45]} Bd4+ {[%emt 0:03:01]} 19. Kh1 {[%emt 0:01:16]} Be6 {[%emt 0:00:11]} 20. f5 {[%emt 0:07:43]} Bxd5 {[%emt 0:00:43]} 21. exd5 {[%emt 0:00:07]} Rb6 {[%emt 0:04:35]} 22. a5 {[%emt 0:02:07]} Rf6 {[%emt 0:03:06]} 23. b4 {[%emt 0:02:26]} h6 {[%emt 0:05:39]} 24. bxc5 {[%emt 0:01:56]} Qxc5 {[%emt 0:00:55]} 25. Qg4 {[%emt 0:00:31]} Be5 {[%emt 0:01:06]} 26. Ba3 {[%emt 0:00:44]} Qc4 {[%emt 0:00:39]} 27. Qxc4 {[%emt 0:01:56]} bxc4 {[%emt 0:00:08]} 28. Re3 {[%emt 0:00:01]} Bd6 {[%emt 0:02:12]} 29. Bb2 {[%emt 0:00:18]} Bc5 {[%emt 0:01:30]} 30. Rg3 {[%emt 0:00:05]} Be7 {[%emt 0:00:27]} 31. Bxf6 {[%emt 0:06:22]} Bxf6 {[%emt 0:00:06]} 32. Rc1 {[%emt 0:00:10]} Rd8 {[%emt 0:00:10]} 33. Rxc4 {[%emt 0:07:06]} Rxd5 {[%emt 0:02:31]} 34. Kg1 {[%emt 0:00:14]} Rxa5 {[%emt 0:00:39]} 35. Rf3 {[%emt 0:00:10]} Rc5 {[%emt 0:03:20]} 36. Rxc5 {[%emt 0:00:18]} Bd4+ {[%emt 0:00:04]} 37. Kf1 {[%emt 0:00:03]} Bxc5 {[%emt 0:00:05]} 38. Rc3 {[%emt 0:00:02]} Bb4 {[%emt 0:00:06]} 39. Rc8+ {[%emt 0:00:11]} Kh7 {[%emt 0:00:05]} 40. Rc7 {[%emt 0:00:31]} f6 {[%emt 0:01:59]} 41. g4 {[%emt 0:00:08]} Bd6 {[%emt 0:00:24]} 42. Rc2 {[%emt 0:00:29]} h5 {[%emt 0:02:54]} 43. h3 {[%emt 0:00:02]} hxg4 {[%emt 0:00:13]} 44. hxg4 {[%emt 0:00:04]} Kh6 {[%emt 0:01:50]} 45. Kg2 {[%emt 0:00:06]} g6 {[%emt 0:05:48]} 46. Kf3 {[%emt 0:01:06]} a5 {[%emt 0:04:21]} 47. Rc6 {[%emt 0:01:09]} Be5 {[%emt 0:00:10]} 48. Ra6 {[%emt 0:00:16]} Bc3 {[%emt 0:00:18]} 49. Ra7 {[%emt 0:00:16]} gxf5 {[%emt 0:03:34]} 50. gxf5 {[%emt 0:00:04]} Kh5 {[%emt 0:02:10]} 51. Ke4 {[%emt 0:00:09]} Kg5 {[%emt 0:00:05]} 52. Rg7+ {[%emt 0:00:07]} Kh5 {[%emt 0:00:47]} 53. Kd5 {[%emt 0:01:25]} Bb2 {[%emt 0:00:24]} 54. Ra7 {[%emt 0:00:44]} Bc3 {[%emt 0:00:34]} 55. Rc7 {[%emt 0:00:25]} Bb2 {[%emt 0:05:02]} 56. Rc2 {[%emt 0:00:13]} Ba1 {[%emt 0:00:23]} 57. Rc5 {[%emt 0:00:14]} Kg5 {[%emt 0:01:03]} 58. Ke6 {[%emt 0:00:07]} a4 {[%emt 0:00:37]} 59. Ra5 {[%emt 0:00:05]} Be5 {[%emt 0:00:20]} 60. Rxa4 {[%emt 0:00:13]} Kh6 {[%emt 0:00:32]} 61. Rg4 {[%emt 0:00:10]} 1-0

[Event "11th LCC FIDE Open 2019"]
[Site "London"]
[Date "2019.11.30"]
[Round "3.32"]
[White "Rocco, Federico"]
[Black "Pellicoro, Nathalie"]
[Result "1-0"]
[WhiteElo "2207"]
[BlackElo "1967"]
[Annotator "RC"]
[PlyCount "73"]
[EventDate "2019.11.29"]
[EventType "swiss"]
[EventCountry "ENG"]
[SourceTitle "playchess.com"]
[Source "ChessBase"]
[SourceQuality "1"]
[TimeControl "40/5400+30:1800+30"]

1. e4 {[%emt 0:00:00]} c5 {[%emt 0:00:00]} 2. Nf3 {[%emt 0:00:00]} e6 {[%emt 0:00:00]} 3. d4 {[%emt 0:00:00]} cxd4 {[%emt 0:00:00]} 4. Nxd4 {[%emt 0:00:03]} Nc6 {[%emt 0:00:00]} 5. Nc3 {[%emt 0:00:12]} Qc7 {[%emt 0:00:07]} 6. g3 {[%emt 0:00:08]} Nf6 {[%emt 0:00:37]} 7. Bg2 {[%emt 0:05:14]} a6 {[%emt 0:00:29]} 8. O-O {[%emt 0:00:11]} Be7 {[%emt 0:00:18]} 9. Kh1 {[%emt 0:02:21]} O-O {[%emt 0:01:07]} 10. f4 {[%emt 0:01:11]} Rd8 {[%emt 0:17:03]} 11. Be3 {[%emt 0:08:30]} b5 {[%emt 0:04:21]} 12. e5 {[%emt 0:09:12]} Ne8 {[%emt 0:00:58]} 13. Nxc6 {[%emt 0:03:20]} dxc6 {[%emt 0:00:07]} 14. Qf3 {[%emt 0:00:17]} Bb7 {[%emt 0:01:33]} 15. f5 {[%emt 0:02:33]} Qxe5 {[%emt 0:10:18]} 16. fxe6 {[%emt 0:00:11]} f6 {[%emt 0:04:22]} 17. Rae1 {[%emt 0:00:53]} Qc7 {[%emt 0:04:44]} 18. Ne4 {[%emt 0:04:28]} Rd5 {[%emt 0:04:41]} 19. b3 {[%emt 0:05:38]} b4 {[%emt 0:08:37]} 20. c4 {[%emt 0:05:35]} bxc3 {[%emt 0:00:00]} 21. Nxc3 {[%emt 0:00:10]} Rd3 {[%emt 0:00:00]} 22. Na4 {[%emt 0:00:17]} Rad8 {[%emt 0:05:44]} 23. Qe4 {[%emt 0:00:24]} R3d5 {[%emt 0:18:50]} 24. Bb6 {[%emt 0:01:42]} Qd6 {[%emt 0:01:23]} 25. Bxd8 {[%emt 0:02:16]} Qxd8 {[%emt 0:00:05]} 26. Nc3 {[%emt 0:00:41]} Rd4 {[%emt 0:01:31]} 27. Rd1 {[%emt 0:00:34]} Rxd1 {[%emt 0:02:56]} 28. Rxd1 {[%emt 0:00:08]} Nd6 {[%emt 0:00:30]} 29. Qf4 {[%emt 0:00:45]} Qf8 {[%emt 0:02:33]} 30. Ne4 {[%emt 0:00:50]} Nxe4 {[%emt 0:02:33]} 31. Bxe4 {[%emt 0:00:17]} Bc8 {[%emt 0:03:23]} 32. Bxc6 {[%emt 0:00:58]} Bc5 {[%emt 0:01:29]} 33. Bd5 {[%emt 0:01:06]} Kh8 {[%emt 0:00:17]} 34. Qc7 {[%emt 0:01:17]} Bd6 {[%emt 0:02:51]} 35. Qf7 {[%emt 0:01:00]} Qd8 {[%emt 0:01:01]} 36. e7 {[%emt 0:00:09]} Bxe7 {[%emt 0:00:52]} 37. Re1 {[%emt 0:00:10]} 1-0

[Event "11th LCC FIDE Open 2019"]
[Site "London"]
[Date "2019.11.30"]
[Round "3.33"]
[White "Burke, John M"]
[Black "Manfay, Mate"]
[Result "1/2-1/2"]
[WhiteElo "2551"]
[BlackElo "2197"]
[Annotator "TA"]
[PlyCount "54"]
[EventDate "2019.11.29"]
[EventType "swiss"]
[EventCountry "ENG"]
[SourceTitle "playchess.com"]
[Source "ChessBase"]
[SourceQuality "1"]

{[%evp 9,54,8,34,-6,39,36,38,37,50,15,22,20,23,16,24,19,26,12,26,25,27,17,14,12,32,1,33,-22,-37,-33,25,19,39,20,92,0,0,0,0,0,0,0,0,0,0,0,0]} 1. d4 Nf6 2. Bf4 c5 3. dxc5 Na6 (3... Nc6 4. Nc3 e5 5. Bg5 Bxc5 6. e3 Bb4 7. Nge2 d5 8. a3 Bxc3+ 9. Nxc3 Be6 10. Bb5 d4 11. Bxf6 Qxf6 {½-½ (42) Aronian,L (2799)-Kasparov,G (2812) Saint Louis 2017}) 4. Nc3 Nxc5 5. f3 d6 $146 ({Predecessor:} 5... Ne6 6. Bg3 g6 7. Qd2 h5 8. Bf2 Bh6 9. Be3 Bxe3 10. Qxe3 d5 11. Qd2 {0-1 (28) Dhulipalla,B (2335)-Himanshu,S (2498) Barcelona 2017}) 6. Qd2 {A45: Trompowsky Attack} g6 (6... e5 $5 {[%cal Re5f4]} 7. Bg5 Be7 $11) 7. e4 Bd7 8. O-O-O {White is slightly better.} Ne6 9. Bh6 Bxh6 10. Qxh6 Qa5 11. h4 Rc8 12. Nge2 b5 {[%cal Bb7b5,Bb5b4][%mdl 32] [#] ...b4 is the strong threat.} 13. Kb1 Nc7 14. Nf4 b4 15. Ncd5 Ncxd5 16. Nxd5 {Threatening Qg7.} Nxd5 17. exd5 Bf5 18. Bd3 (18. Rd2 $1 $14) 18... Qxd5 $11 ({Much worse is} 18... Bxd3 $6 19. Rxd3 Rc5 20. h5 $16) 19. Be4 Qc4 (19... Qa5 $15) 20. Bxf5 $1 $40 {[%mdl 128] White attacks.} gxf5 21. Rhe1 $1 {[%cal Re1e7] aiming for Rxe7+!} Rc6 (21... e6 $11) 22. Rxd6 (22. Rd2 $16) 22... Qxc2+ {The position is equal.} 23. Ka1 {Intending Rxe7+! and mate.} Rxd6 24. Qxd6 {[%csl Ge1][%cal Rd6e7][%mdl 64] [#] Double Attack} O-O 25. Qg3+ Kh8 {Hoping for ...Rd8.} 26. Qe5+ {[%mdl 64] Double Attack} Kg8 {White must now prevent ...Rd8.} 27. Qg3+ Kh8 {Accuracy: White = 50%, Black = 48%.} 1/2-1/2

[Event "11th LCC FIDE Open 2019"]
[Site "London"]
[Date "2019.11.30"]
[Round "3.34"]
[White "Hill, Alistair"]
[Black "Ditmas, Hugh"]
[Result "1-0"]
[WhiteElo "2193"]
[BlackElo "1961"]
[Annotator "TA"]
[PlyCount "95"]
[EventDate "2019.11.29"]
[EventType "swiss"]
[EventCountry "ENG"]
[SourceTitle "playchess.com"]
[Source "ChessBase"]
[SourceQuality "1"]

{[%evp 11,95,13,49,49,42,40,37,35,41,48,56,59,67,62,52,57,51,52,86,27,72,40,33,0,0,0,0,0,0,0,25,28,37,-76,-82,-110,-20,-11,-14,-19,0,-32,0,0,0,-17,-10,-19,45,45,45,45,126,126,126,126,126,126,158,117,285,172,280,271,414,352,675,672,660,655,29978,29980,29978,29979,6279,4723,29982,29983,29983,29984,29984,29985,29984,29985,29985,29986]} 1. e4 c5 2. Nf3 Nc6 3. Bb5 e6 4. O-O Nge7 5. Re1 a6 6. Bf1 Ng6 7. d4 {B30: Sicilian: 2...Nc6 3 Bb5, lines without ...g6} (7. c3 d5 8. exd5 Qxd5 9. d4 cxd4 10. cxd4 Be7 11. Nc3 Qd8 12. d5 exd5 13. Nxd5 O-O 14. Nxe7+ Ncxe7 15. Qb3 Be6 {½-½ (42) Grischuk,A (2771)-Atabayev,Y (2428) Baku 2015}) 7... cxd4 8. Nxd4 Be7 9. Be3 {White is slightly better.} O-O 10. c4 Qc7 11. Nc3 d6 12. Rc1 Nxd4 $146 ({Predecessor:} 12... Qa5 13. Nb3 Qd8 14. f4 Na5 {0-1 (78) Gavrilescu,D (2148)-Toma,R (2262) Calimanesti 2014}) 13. Qxd4 Bd7 14. Red1 Bc6 {[#]} 15. a4 (15. Nd5 $1 $16 {[%mdl 512]} Qd8 (15... exd5 16. cxd5) 16. Nxe7+ Qxe7 17. Qxd6) 15... Rac8 16. b4 (16. Nd5 $5 {[%cal Rd5c7]} e5 17. Qc3 (17. Nxe7+ Nxe7 18. Qxd6 Qxd6 $14) 17... Bxd5 18. Rxd5 $16 (18. exd5 Qd7 $11) (18. cxd5 Qd7 $14)) 16... Bf6 17. Qxd6 Qxd6 18. Rxd6 {aiming for b5.} Be7 $36 {[%mdl 2048] Black fights for an advantage.} 19. c5 {Black must now prevent Rdd1.} Bxd6 20. cxd6 Bd7 21. a5 Ne5 22. f4 (22. Bb6 $14 {keeps the upper hand.}) 22... Nc4 $17 23. Bc5 {[#]} Nd2 (23... Nxa5 $1 $17 {[%mdl 512] ...Nb3 is the strong threat.} 24. Rb1 (24. bxa5 Rxc5) 24... f6) 24. Rc2 $1 $11 {[%cal Rc2d2]} Nxf1 25. Kxf1 f5 26. Ke2 g6 27. Ke3 Kf7 28. Re2 Rg8 29. g3 h5 (29... g5 $11) 30. h4 $1 $14 {[%mdl 1024] White has compensation.} Bc6 31. Kd4 Kf6 (31... Rgd8 $14) 32. e5+ $16 Kf7 33. Bb6 Ke8 34. Rc2 Kd7 {[#]} 35. Rd2 $1 Rge8 $2 (35... Rcf8 $16) 36. Bc7 Rg8 (36... Rxc7 $142 37. dxc7 Kxc7) 37. Kc5 $18 Rge8 (37... Rxc7 {might work better.} 38. dxc7+ Kxc7) 38. Kb6 Rg8 $2 (38... Rh8 39. Nd1 Rcg8) 39. Ne2 Rg7 40. Nc1 Rxc7 41. dxc7+ Bd5 {[#]} 42. Rxd5+ $1 {[%mdl 512]} exd5 43. Kxb7 {KR-KN} Rg8 {[#]} 44. e6+ $1 {[%mdl 576] Decoy, Promotion. White mates.} Kxe6 45. c8=Q+ Rxc8 46. Kxc8 d4 47. Kb7 Kd5 48. Kxa6 {Accuracy: White = 76%, Black = 36%.} 1-0